Gumshoe on the loose (Record no. 85292)
[ view plain ]
| 000 -LEADER | |
|---|---|
| fixed length control field | 01356 a2200241 4500 |
| 003 - CONTROL NUMBER IDENTIFIER | |
| control field | CBULib |
| 005 - DATE AND TIME OF LATEST TRANSACTION | |
| control field | 20250926100108.0 |
| 008 - FIXED-LENGTH DATA ELEMENTS--GENERAL INFORMATION | |
| fixed length control field | 250926b |||||||| |||| 00| 0 eng d |
| 020 ## - INTERNATIONAL STANDARD BOOK NUMBER | |
| International Standard Book Number | 9781608093496 |
| 040 ## - CATALOGING SOURCE | |
| Language of cataloging | English |
| Transcribing agency | CBULib |
| Description conventions | rda |
| 050 ## - LIBRARY OF CONGRESS CALL NUMBER | |
| Classification number | PS 3562.E488 .G864 |
| 100 ## - MAIN ENTRY--PERSONAL NAME | |
| Personal name | Leininger, Rob |
| 245 ## - TITLE STATEMENT | |
| Title | Gumshoe on the loose |
| Statement of responsibility, etc | / by Rob Leininger |
| 260 ## - PUBLICATION, DISTRIBUTION, ETC. (IMPRINT) | |
| Name of publisher, distributor, etc | Oceanview Publishing : |
| Date of publication, distribution, etc | 2018. |
| Place of publication, distribution, etc | Sarasota, Florida, |
| 300 ## - PHYSICAL DESCRIPTION | |
| Extent | 368 pages |
| 336 ## - CONTENT TYPE | |
| Source | rdacontent |
| Content type term | Text | |
| Content type code | txt |
| 337 ## - MEDIA TYPE | |
| Source | rdamedia |
| Media type term | Unmediated | |
| Media type code | n |
| 338 ## - CARRIER TYPE | |
| Source | rdacarrier |
| Carrier type term | Volume |
| Carrier type code | nc |
| 490 ## - SERIES STATEMENT | |
| Series statement | Gumshoe Novels |
| 500 ## - GENERAL NOTE | |
| General note | IRS agent-turned-PI Mortimer Angel is relaxing in a hole-in-the-wall bar in a Reno casino when an attractive young girl hires him to find out who left her a cryptic message demanding a million dollars.<br/><br/>At the girl’s house, Mort finds the body of missing rapper Jonnie Xenon—Jo-X to his legions of fans—hanging from the rafters with two bullet holes in him. Mort is shocked when he learns the identity of the girl’s father—and even more shocked when he is hired to investigate the murder.<br/><br/>Mort, being Mort, accumulates a few felonies as he follows the clues to Las Vegas. And along the way, he picks up an alluring young assistant who changes his life—in every conceivable way. |
| 650 #0 - SUBJECT ADDED ENTRY--TOPICAL TERM | |
| 9 (RLIN) | 708 |
| Topical term or geographic name as entry element | FICTION |
| 942 ## - ADDED ENTRY ELEMENTS (KOHA) | |
| Source of classification or shelving scheme | |
| Koha item type | MONOGRAPH |
| Withdrawn status | Lost status | Source of classification or shelving scheme | Damaged status | Not for loan | Collection code | Permanent Location | Current Location | Shelving location | Date acquired | Source of acquisition | Inventory number | Total Checkouts | Full call number | Barcode | Date last seen | Price effective from | Koha item type |
|---|---|---|---|---|---|---|---|---|---|---|---|---|---|---|---|---|---|
| Main Library Open Access Collection | CBU-MAIN LIBRARY, KITWE. | CBU-MAIN LIBRARY, KITWE. | Fiction Collection | 09/26/2025 | Book Aid International | 752137 | PS 3562.E488 .G864 | 752137 | 09/26/2025 | 09/26/2025 | MONOGRAPH |